| Поле | Инд. | ПП | Название | Значение |
|---|---|---|---|---|
| Тип записи | a | |||
| Библиографический уровень | m | |||
| 001 | Контрольный номер | b015f6db-bf84-437a-b6fb-136a8fa2023f | ||
| 005 | Дата корректировки | 20140703130756.6 | ||
| 008 | Кодируемые данные | 041019 | ||
| 020 | c | Цена, тираж | 40.00 | |
| 040 | a | Служба первич. каталог. | НБ ТвГУ | |
| 041 | a | Код языка текста | rus | |
| 080 | a | Индекс УДК | 159.922.6(075.8) | |
| 084 | a | Индекс другой классификации/Индекс ББК | Ю937.4я73-1 | |
| a | Индекс другой классификации/Индекс ББК | Ю98я73-1 | ||
| 090 | x | Авторский знак | К65 | |
| a | Полочн. индекс | Ю937.4 | ||
| 100 | 1_ | a | Автор | Копылова Ольга Александровна |
| 245 | 10 | a | Заглавие | Возрастная психология : 0рганизация учебно-познавательной деятельности студентов в системе рейтинг-технологии |
| b | Продолж. заглавия | учеб. пособие | ||
| c | Ответственность | О. А. Копылова ; Твер. гос. ун-т | ||
| 260 | 0_ | a | Место издания | Тверь |
| b | Издательство | Тверской государственный университет | ||
| c | Дата издания | 2004 | ||
| 300 | a | Объем | 123 с. | |
| b | Иллюстрации/ тип воспроизводства | табл. | ||
| 500 | a | Примечание | Библиогр. в конце глав. | |
| 583 | a | Действие | Получение впервые 386 18.10.2004 | |
| k | Исполнитель действия | РИО | ||
| 583 | a | Действие | Приписка 103 03.04.2006 | |
| k | Исполнитель действия | Взамен утраченных | ||
| 650 | a | Основная рубрика | Возрастная психология | |
| x | Основная подрубрика | Учебники для вузов | ||
| 650 | a | Основная рубрика | Психология | |
| 650 | a | Основная рубрика | Детская психология | |
| 653 | a | Ключевые слова | Возрастная психология | |
| a | Ключевые слова | Детская психология | ||
| a | Ключевые слова | Психология | ||
| 852 | t | Порядковый номер экземпляра | 2 | |
| p | Инвентарный номер | 790428 | ||
| p | Инвентарный номер | 790429 | ||
| 852 | t | Порядковый номер экземпляра | 2 | |
| p | Инвентарный номер | 790430 | ||
| p | Инвентарный номер | 790431 | ||
| 852 | t | Порядковый номер экземпляра | 63 | |
| p | Инвентарный номер | 790432 | ||
| p | Инвентарный номер | 790493 | ||
| p | Инвентарный номер | 790492 | ||
| p | Инвентарный номер | 790491 | ||
| p | Инвентарный номер | 790490 | ||
| p | Инвентарный номер | 790489 | ||
| p | Инвентарный номер | 790488 | ||
| p | Инвентарный номер | 790487 | ||
| p | Инвентарный номер | 790486 | ||
| p | Инвентарный номер | 790485 | ||
| p | Инвентарный номер | 790484 | ||
| p | Инвентарный номер | 790483 | ||
| p | Инвентарный номер | 790482 | ||
| p | Инвентарный номер | 790481 | ||
| p | Инвентарный номер | 790480 | ||
| p | Инвентарный номер | 790479 | ||
| p | Инвентарный номер | 790478 | ||
| p | Инвентарный номер | 790477 | ||
| p | Инвентарный номер | 790476 | ||
| p | Инвентарный номер | 790475 | ||
| p | Инвентарный номер | 790474 | ||
| p | Инвентарный номер | 790473 | ||
| p | Инвентарный номер | 790472 | ||
| p | Инвентарный номер | 790471 | ||
| p | Инвентарный номер | 790470 | ||
| p | Инвентарный номер | 790469 | ||
| p | Инвентарный номер | 790468 | ||
| p | Инвентарный номер | 790467 | ||
| p | Инвентарный номер | 790466 | ||
| p | Инвентарный номер | 790465 | ||
| p | Инвентарный номер | 790464 | ||
| p | Инвентарный номер | 790463 | ||
| p | Инвентарный номер | 790462 | ||
| p | Инвентарный номер | 790461 | ||
| p | Инвентарный номер | 790460 | ||
| p | Инвентарный номер | 790459 | ||
| p | Инвентарный номер | 790458 | ||
| p | Инвентарный номер | 790457 | ||
| p | Инвентарный номер | 790456 | ||
| p | Инвентарный номер | 790455 | ||
| p | Инвентарный номер | 790454 | ||
| p | Инвентарный номер | 790453 | ||
| p | Инвентарный номер | 790452 | ||
| p | Инвентарный номер | 790451 | ||
| p | Инвентарный номер | 790450 | ||
| p | Инвентарный номер | 790449 | ||
| p | Инвентарный номер | 790448 | ||
| p | Инвентарный номер | 790447 | ||
| p | Инвентарный номер | 790446 | ||
| p | Инвентарный номер | 790445 | ||
| p | Инвентарный номер | 790444 | ||
| p | Инвентарный номер | 790443 | ||
| p | Инвентарный номер | 790442 | ||
| p | Инвентарный номер | 790441 | ||
| p | Инвентарный номер | 790440 | ||
| p | Инвентарный номер | 790439 | ||
| p | Инвентарный номер | 790438 | ||
| p | Инвентарный номер | 790437 | ||
| p | Инвентарный номер | 790436 | ||
| p | Инвентарный номер | 790435 | ||
| p | Инвентарный номер | 790434 | ||
| p | Инвентарный номер | 790433 | ||
| p | Инвентарный номер | 836823 | ||
| 863 | t | 00022725 | ||
| 863 | t | 00022724 | ||
| 888 | a | За счет средств университета | ||
| a | Бесплатные | |||
| 930 | a | Новая/Ретро | учебники | |
| 952 | p | 386.2004 40.00 1 790428 | ||
| p | 386.2004 40.00 1 790429 | |||
| p | 386.2004 40.00 1 790430 | |||
| p | 386.2004 40.00 1 790431 | |||
| p | 386.2004 40.00 1 790432 | |||
| p | 386.2004 40.00 1 790433 | |||
| p | 386.2004 40.00 1 790434 | |||
| p | 386.2004 40.00 1 790435 | |||
| p | 386.2004 40.00 1 790436 | |||
| p | 386.2004 40.00 1 790437 | |||
| p | 386.2004 40.00 1 790438 | |||
| p | 386.2004 40.00 1 790439 | |||
| p | 386.2004 40.00 1 790440 | |||
| p | 386.2004 40.00 1 790441 | |||
| p | 386.2004 40.00 1 790442 | |||
| p | 386.2004 40.00 1 790443 | |||
| p | 386.2004 40.00 1 790444 | |||
| p | 386.2004 40.00 1 790445 | |||
| p | 386.2004 40.00 1 790446 | |||
| p | 386.2004 40.00 1 790447 | |||
| p | 386.2004 40.00 1 790448 | |||
| p | 386.2004 40.00 1 790449 | |||
| p | 386.2004 40.00 1 790450 | |||
| p | 386.2004 40.00 1 790451 | |||
| p | 386.2004 40.00 1 790452 | |||
| p | 386.2004 40.00 1 790453 | |||
| p | 386.2004 40.00 1 790454 | |||
| p | 386.2004 40.00 1 790455 | |||
| p | 386.2004 40.00 1 790456 | |||
| p | 386.2004 40.00 1 790457 | |||
| p | 386.2004 40.00 1 790458 | |||
| p | 386.2004 40.00 1 790459 | |||
| p | 386.2004 40.00 1 790460 | |||
| p | 386.2004 40.00 1 790461 | |||
| p | 386.2004 40.00 1 790462 | |||
| p | 386.2004 40.00 1 790463 | |||
| p | 386.2004 40.00 1 790464 | |||
| p | 386.2004 40.00 1 790465 | |||
| p | 386.2004 40.00 1 790466 | |||
| p | 386.2004 40.00 1 790467 | |||
| p | 386.2004 40.00 1 790468 | |||
| p | 386.2004 40.00 1 790469 | |||
| p | 386.2004 40.00 1 790470 | |||
| p | 386.2004 40.00 1 790471 | |||
| p | 386.2004 40.00 1 790472 | |||
| p | 386.2004 40.00 1 790473 | |||
| p | 386.2004 40.00 1 790474 | |||
| p | 386.2004 40.00 1 790475 | |||
| p | 386.2004 40.00 1 790476 | |||
| p | 386.2004 40.00 1 790477 | |||
| p | 386.2004 40.00 1 790478 | |||
| p | 386.2004 40.00 1 790479 | |||
| p | 386.2004 40.00 1 790480 | |||
| p | 386.2004 40.00 1 790481 | |||
| p | 386.2004 40.00 1 790482 | |||
| p | 386.2004 40.00 1 790483 | |||
| p | 386.2004 40.00 1 790484 | |||
| p | 386.2004 40.00 1 790485 | |||
| p | 386.2004 40.00 1 790486 | |||
| p | 386.2004 40.00 1 790487 | |||
| p | 386.2004 40.00 1 790488 | |||
| p | 386.2004 40.00 1 790489 | |||
| p | 386.2004 40.00 1 790490 | |||
| p | 386.2004 40.00 1 790491 | |||
| p | 386.2004 40.00 1 790492 | |||
| p | 386.2004 40.00 1 790493 | |||
| p | 103.2006 40.00 1 836823 | |||
| c | Вид литературы | К ру | ||
| 954 | a | Дата поступления на обработку | 20041019 | |
| 999 | a | Подразделение 2 | аб. | |
| a | Подразделение 2 | ч.з. | ||
| a | Подразделение 2 | Фил2 |